| 000 | 00512nam a2200181Ia 4500 | ||
|---|---|---|---|
| 003 | IN-BaIIA | ||
| 008 | 211028s9999 xx 000 0 eng d | ||
| 020 | _a978-8125910114 | ||
| 040 | _cIIA Library | ||
| 080 |
_a539.2 _bGUP |
||
| 100 |
_aGupta, H. C. _932408 |
||
| 245 | 0 |
_aSolid state physics _cH. C. Gupta |
|
| 250 | _a2nd ed. | ||
| 260 |
_aNew Delhi _bVikas Publishing _c2008 |
||
| 300 | _a[various pagings.] | ||
| 650 | _aSolid state physics | ||
| 942 | _cBK | ||
| 999 |
_c17197 _d17197 |
||